MARC details
| 000 -LEADER |
| fixed length control field |
02282cam a2200409 a 4500 |
| 001 - CONTROL NUMBER |
| control field |
15179178 |
| 003 - CONTROL NUMBER IDENTIFIER |
| control field |
OSt |
| 005 - DATE AND TIME OF LATEST TRANSACTION |
| control field |
20230606105428.0 |
| 008 - FIXED-LENGTH DATA ELEMENTS--GENERAL INFORMATION |
| fixed length control field |
080213s2009 enka b 001 0 eng |
| 010 ## - LIBRARY OF CONGRESS CONTROL NUMBER |
| LC control number |
2008006790 |
| 015 ## - NATIONAL BIBLIOGRAPHY NUMBER |
| National bibliography number |
GBA874343 |
| Source |
bnb |
| 016 7# - NATIONAL BIBLIOGRAPHIC AGENCY CONTROL NUMBER |
| Record control number |
014634385 |
| Source |
Uk |
| 020 ## - INTERNATIONAL STANDARD BOOK NUMBER |
| International Standard Book Number |
0415458293 (pbk.) |
| 020 ## - INTERNATIONAL STANDARD BOOK NUMBER |
| International Standard Book Number |
9780415458290 (pbk.) |
| 020 ## - INTERNATIONAL STANDARD BOOK NUMBER |
| International Standard Book Number |
9781845680664 (hbk.) |
| 020 ## - INTERNATIONAL STANDARD BOOK NUMBER |
| International Standard Book Number |
1845680669 (hbk.) |
| 035 ## - SYSTEM CONTROL NUMBER |
| System control number |
(OCoLC)ocn192109772 |
| 035 ## - SYSTEM CONTROL NUMBER |
| System control number |
(OCoLC)192109772 |
| 040 ## - CATALOGING SOURCE |
| Original cataloging agency |
DLC |
| Transcribing agency |
DLC |
| Modifying agency |
YDX |
| -- |
BAKER |
| -- |
YDXCP |
| -- |
UKM |
| -- |
BTCTA |
| -- |
RCJ |
| -- |
DLC |
| 043 ## - GEOGRAPHIC AREA CODE |
| Geographic area code |
e-uk--- |
| 050 00 - LIBRARY OF CONGRESS CALL NUMBER |
| Classification number |
KD3989 |
| Item number |
.B374 2009 |
| 082 00 - DEWEY DECIMAL CLASSIFICATION NUMBER |
| Classification number |
342.41 |
| Item number |
BAR |
| 100 1# - MAIN ENTRY--PERSONAL NAME |
| Personal name |
Barnett, Hilaire. |
| 245 10 - TITLE STATEMENT |
| Title |
Constitutional & administrative law / |
| Statement of responsibility, etc. |
Hilaire Barnett. |
| 246 14 - VARYING FORM OF TITLE |
| Title proper/short title |
Constitutional and administrative law |
| 250 ## - EDITION STATEMENT |
| Edition statement |
7th ed. |
| 260 ## - PUBLICATION, DISTRIBUTION, ETC. (IMPRINT) |
| Place of publication, distribution, etc. |
London ; |
| -- |
New York : |
| Name of publisher, distributor, etc. |
Routledge-Cavendish, |
| Date of publication, distribution, etc. |
2009. |
| 300 ## - PHYSICAL DESCRIPTION |
| Extent |
lxxxi, 826 p. : |
| Other physical details |
ill. ; |
| Dimensions |
25 cm. |
| 504 ## - BIBLIOGRAPHY, ETC. NOTE |
| Bibliography, etc |
Includes bibliographical references (p. 795-809) and index. |
| 505 0# - FORMATTED CONTENTS NOTE |
| Formatted contents note |
Introduction : the scope of constitutional law -- Sources of the constitution -- The rule of law -- The separation of powers -- The royal prerogative -- Parliamentary sovereignty -- Structures and institutions -- European Union law and national law -- Central government -- Responsible government -- Devolution and local government -- The electoral system -- Introduction to the House of Commons -- The legislative process -- Scrutiny of the executive -- The House of Lords -- Parliamentary privilege -- The protection of human rights -- Freedom from discrimination -- Freedom of expression and privacy -- Freedom of association and assembly -- The police and police powers -- Citizenship, immigration and asylum -- State security -- Judicial review : introduction, jurisdiction and procedure -- The grounds for judicial review -- Commissioners for administration : Ombudsmen. |
| 650 #0 - SUBJECT ADDED ENTRY--TOPICAL TERM |
| Topical term or geographic name as entry element |
Constitutional law |
| Geographic subdivision |
Great Britain. |
| 650 #0 - SUBJECT ADDED ENTRY--TOPICAL TERM |
| Topical term or geographic name as entry element |
Administrative law |
| Geographic subdivision |
Great Britain. |
| 856 41 - ELECTRONIC LOCATION AND ACCESS |
| Materials specified |
Table of contents only |
| Uniform Resource Identifier |
<a href="http://www.loc.gov/catdir/toc/ecip0811/2008006790.html">http://www.loc.gov/catdir/toc/ecip0811/2008006790.html</a> |
| 906 ## - LOCAL DATA ELEMENT F, LDF (RLIN) |
| a |
7 |
| b |
cbc |
| c |
orignew |
| d |
1 |
| e |
ecip |
| f |
20 |
| g |
y-gencatlg |
| 942 ## - ADDED ENTRY ELEMENTS (KOHA) |
| Source of classification or shelving scheme |
Dewey Decimal Classification |
| Koha item type |
Books |